1199 1572 1806 1333 1151 1891 1777 1784 1332 1180 1454 1175 1761 1686 1194 1571 1376 1734 1800 1187 1426 1424 1832 1013 1826 1944 1327 1671 1222 1699 1393 1811 1413 1951 1612 1163 1216 1241 1796 1213 1449 1901 1274 1865 1929 1915 1834 1090 1270 1459 1179 1921 1210 1445 1416 1628 1814 1642 1101 1586 1069 1350 1225 1149 1482 1379 1231 1058 1461 1448 1161 1743 1605 1064 1890 1735 1150 1863 1527 1873 1620 1671 1550 1293 1233 1888 1818 1370 1014 1128 1084 1864 1950 1610 1738 1485 1734 1209 1887 BCNSPRNW ULIB Ver.6.0+V

เปลี่ยนเป็นภาษาไทย

Change to English
 แสดงรายละเอียดบรรณานุกรม
  กลับหน้าหลัก

Brief Record : Get Marc (ISO 2709) : E-mail record : QR code < ปิดหน้าต่าง
LEADER : 00000nam 2200000uu 4500
001    13399126307
003     ULIB
008    180905s2561||||th 000 0 tha d
020    ^a9786162233791
060 04 ^aWT141^bผ225ก
100 0  ^aผ่องพรรณ อรุณแสง
245 10 ^aการประเมินภาวะสุขภาพผู้ใหญ่และผู้สูงอายุ : การประยุกต์ใช้ในการพยาบาล/^cผ่องพรรณ อรุณแสง
250    ^aพิมพ์ครั้งที่ 6
260    ^aขอนแก่น :^bคณะพยาบาลศาสตร์ มหาวิทยาลัยขอนแก่น,^c2561
300    ^a276 หน้า :^bภาพประกอบ ;^c26 ซม.
650  7 ^aการตรวจสอบร่างกาย
650  7 ^aผู้สูงอายุ
650  7 ^aสุขภาพ^bการประเมิน
945    ^p250^l0^i26533
945    ^p250^l0^i26532
945    ^p250^l0^i26531
945    ^p250^l0^i26535
945    ^p250^l0^i26534
999    ^aกัณชพร จุลอักษร
รายการนี้ยังไม่มีแท็ก
คุณยังไม่ได้ล็อกอิน คุณสามารถมีกิจกรรมร่วมกับเว็บไซต์ได้ แต่ต้องล็อกอินก่อน ::
  ล็อกอิน

รายการสื่อสารสนเทศ

ลำดับที่ ประเภท เลขเรียก/บาร์โค้ด สถานที่ สถานะ
1. หนังสือสำรอง
หนังสือสำรอง
WT141 ผ225ก ฉ.1 
  Barcode: 26531
ห้องสมุดวิทยาเขตนครสวรรค์
►หนังสือทั่วไป:l:General Books
บนชั้น
2. วิทยาศาสตร์การแพทย์ และสุขภาพ
วิทยาศาสตร์การแพทย์ และสุขภาพ
WT141 ผ225ก ฉ.2 
  Barcode: 26532
ห้องสมุดวิทยาเขตนครสวรรค์
►หนังสือทั่วไป:l:General Books
บนชั้น
3. วิทยาศาสตร์การแพทย์ และสุขภาพ
วิทยาศาสตร์การแพทย์ และสุขภาพ
WT141 ผ225ก ฉ.3 
  Barcode: 26533
ห้องสมุดวิทยาเขตนครสวรรค์
►หนังสือทั่วไป:l:General Books
บนชั้น
4. วิทยาศาสตร์การแพทย์ และสุขภาพ
วิทยาศาสตร์การแพทย์ และสุขภาพ
WT141 ผ225ก ฉ.4 
  Barcode: 26534
ห้องสมุดวิทยาเขตนครสวรรค์
►หนังสือทั่วไป:l:General Books
บนชั้น
5. วิทยาศาสตร์การแพทย์ และสุขภาพ
วิทยาศาสตร์การแพทย์ และสุขภาพ
WT141 ผ225ก ฉ.5 
  Barcode: 26535
ห้องสมุดวิทยาเขตนครสวรรค์
►หนังสือทั่วไป:l:General Books
บนชั้น

รายการใกล้เคียง
    ผู้แต่ง [ผ่องพรรณ อรุณแสง]

    หัวเรื่อง [การตรวจสอบร่างกาย]
    หัวเรื่อง [ผู้สูงอายุ]
    หัวเรื่อง [สุขภาพ การประเมิน]

BibComment


ยังไม่เคยถูกคอมเมนท์

คอมเมนท์ทรัพยากรรายการนี้
  คอมเมนท์: การประเมินภาวะสุ..


 Copyright 2026. Bcnsprnw @Library